| Поле | Инд. | ПП | Название | Значение |
|---|---|---|---|---|
| Тип записи | a | |||
| Библиографический уровень | m | |||
| 001 | Контрольный номер | RU/IS/BASE/128177521 | ||
| 005 | Дата корректировки | 20210524114540.5 | ||
| 040 | b | Код языка каталог. | rus | |
| 041 | 0_ | a | Код языка текста | rus |
| 080 | 00 | a | Индекс УДК | 004.42 |
| 084 | a | Индекс другой классификации/Индекс ББК | 32.973.202 | |
| 090 | 00 | a | Полочн. индекс | 681.3 |
| x | Авторский знак | С32 | ||
| 097 | b | Оператор | 11 | |
| 100 | 10 | a | Автор | Серова Г. А. |
| 245 | 00 | a | Заглавие | Самоучитель по работе с Windows 95 и электронной почтой Internet E-mail |
| 260 | 00 | a | Место издания | М. |
| b | Издательство | Интел-синтез | ||
| c | Дата издания | 1998 | ||
| 300 | 00 | a | Объем | 128 с. |
| b | Иллюстрации/ тип воспроизводства | рис. | ||
| 510 | 0_ | a | Примечание о ссылках | Книги и методические пособия |
| 650 | 04 | a | Основная рубрика | 50.41 Программное обеспечение вычислительных машин, комплексов и сетей |
| x | Основная подрубрика | 50.41.15 Операционные системы | ||
| 653 | 0_ | a | Ключевые слова | интернет; электронная почта; программы (выч. техника); Windows |
| 901 | t | Тип документа | m |